000 00892nam a22002777a 4500
001 BR0100006
003 BR-BrBNA
005 20230928082817.0
007 ta
008 230509b bl.||||| |||| 00| 0 por d
040 _aBR-BrBNA
_bpor
_cBiblioteca Nacional de Agricultura
041 _a(Por)
072 _aE50; B50
_b/G514
090 _ E50 BR0100006
100 1 _aNiemeyer, E.
245 1 _aOs allemaes nos Estados do Parana e de Santa Catharina [colonizacao, imigracao, Brasil]
_bEm commemoracao ao 1. Centenario de sua entrada nesses Estados do Sul do Brasil 1829-1929
260 3 _aCuritiba, PR (Brasil):
_c1829.
300 _a196 p.
500 _a(*) Documento disponível no(a) Museu Paranaense, Curitiba (Brazil)
650 _aCOLONIZACAO
650 _aIMIGRACAO
650 _aPARANA
650 _aSANTA CATARINA
909 _a202309
_bLucia
_c55
_dLucia Elande
942 _cBK
999 _c10072
_d10072